000 01063nam a2200253 a 4500
001 000118684
003 AM-YEHGA
005 20250617122519.0
008 000207s1985 ru ||||gr|||||||||0|rus|d
040 _aAM-YeHGA
041 0 _arus
100 1 _aДолгоплоск, Борис Александрович
245 1 0 _aМеталлоорганический катализ в процессах полимеризации /
_cБ.А. Долгоплоск, Е.И. Тинякова ; Отв. ред. Н.М. Эмануэль.
250 _a2-е, испр. и доп.
260 _aМосква :
_bНаука,
_c1985.
300 _a536 с.
550 _aАН СССР ; Ин-т нефтехимического синтеза им. А.В. Топчиева
650 1 4 _aПолимеризация
700 1 _aТинякова, Елена Ивановна
700 1 _aЭмануэль, Н.М.
_eред.
_4edt
710 2 _aИн-т нефтехимического синтеза им. А.В. Топчиева
942 _2udc
_cBK
090 _c39537
999 _c38909
_d38909